000 00427nam a2200169Ia 4500
005 20250508160438.0
008 008 250505s9999 xx 000 0 eng d
037 _aTextual
040 _aFEDL
_beng
_cFEDL
041 _aeng
_2eng
084 _a510, FIN
_qFEDL
100 _aFine
245 0 _aIntroduction to modern mathematics
300 _axv,509p.
942 _cTEXL
_h510, FIN
999 _c1364646
_d1364646